Σύντομη ιστορία της νεοελληνικής λογοτεχνίας

Αποθηκεύτηκε σε:
Λεπτομέρειες βιβλιογραφικής εγγραφής
Κύριος συγγραφέας: Καλαματιανός, Γεώργιος Ν.
Μορφή: Βιβλίο
Γλώσσα:Greek
Δημοσίευση: Αθήνα : Εστία, 1953
Θέματα:
Ετικέτες: Προσθήκη ετικέτας
Δεν υπάρχουν, Καταχωρήστε ετικέτα πρώτοι!

MARC

LEADER 00000cam a2200000 i 4500
001 1/45371
008 961113s1953 gr | ||| |||| ||gre||
035 |l 10026134 
040 |a GR-MY-UA  |b gre  |e aacr 
041 0 |a gre 
082 0 |a 889.09 
100 1 |a Καλαματιανός, Γεώργιος Ν. 
245 1 0 |a Σύντομη ιστορία της νεοελληνικής λογοτεχνίας /  |c Γιώργου Ν. Καλαματιανού 
260 |a Αθήνα :   |b Εστία,   |c 1953 
300 |a 142 σ. 
650 0 |a Greek literature, Modern  |x History and criticism. 
852 |a INST  |b CHIOS  |e 19961113  |h 889.09 ΚΑΛ  |p 005200010956  |q 005200010956  |t BK  |y 0